00770nam a2200217Ii 45000010005000000030009000050080041000140400033000550410008000880820013000961000026001092450076001352640049002113000012002603360026002723370028002983380027003269400050003539990017004039520132004204279CO-ViMGA241108s9999||||xx |||||||||||||| ||und|| aCO-ViMGAbspaerdacCO-ViMGA0 aspa04a530 P2131 aDesiderio Popp94606710aHistoria de la Física:bDesde Galileo hasta los umbrales del siglo XX 1aBuenos Aires, Argentina : Espasa-Calpe, 1945 avolumen atextbtxt2rdacontent aunmediatedbn2rdamedia avolumebnc2rdacarrier aidficha_siabuc: 4184. -- ficha_no_siabuc:4279 c40618d40618 001040708001aMEVIGERRbMEVIGERRcGENd2006-11-27o530 P213pECA3115r2024-11-26 08:55:24tEj.1w2024-11-26yBKz4184 | 6151